000 01132 a2200205 4500
003 Nust
005 20230116094203.0
010 _a 90043499
020 _a0029465087
040 _cNust
082 0 0 _a658.05,ELI
100 1 _aEliason, Alan L.
_9106837
245 1 0 _aOnline business computer applications /
_cAlan L. Eliason.
250 _a3rd ed.
260 _aNew York :
_bMacmillan Pub. Co. ;
_aToronto :
_bCollier Macmillan Canada ;
_aNew York :
_bMaxwell Macmillan International,
_cc1991.
300 _aix, 534 p. :
_bill. ;
_c24 cm.
505 _aIntroduction (Page- 3), Properties of Online Applications (Page- 29), Online Systems Design (Page- 63), Customer Invoicing (Page- 99), Customer Cash Receipts (Page- 139), Accounts Receivable (Page- 171), Accounts Payable (Page- 207), Fixed Assets (Page- 241), Employee Payroll (Page- 273), Customer Order Entry (Page- 315), Finish-Goods Entry (Page- 353), Purchasing and Receiving (Page- 391), General Ledger (Page- 423), Budget and Profit Planning (Page- 457), Sales Analysis and Market Planning (Page- 487).
650 0 _aBusiness
_xData processing.
_93217
942 _cBK
_2ddc
999 _c176018
_d176018